MDQL
is popping MORE tags! Check the
thread
!
Quizzes
Events
Quiz Creation
Community
Videos
Private Events
Remove Ads
Sign In
Join for FREE
Feedback
Dark Mode
Quiz Categories
Sports
Geography
Music
Movies
Television
Just For Fun
Miscellaneous
History
Literature
Language
Science
Gaming
Entertainment
Religion
Holiday
For Kids
Quiz Lab
Recent
Popular Today
Quiz Kudos Today
Editor Picks
Curator Picks
Quizzes by...
Day
Popularity
Type
Ratings
Length
Year
Community
Subscriptions
Recent Discussions
Orange Saloon
Badges
Playlists
Quests
Create
Leaderboards
Showdown
Live 5
Trivia Bingo
Activity
Puzzle Library
Sporcle Events
Private Events
Virtual Trivia
Globe League
Become a Host
Pub Owners
SporcleCon
Opinionation
Our Games
Videos
Blog
Mobile Apps
Partnerships
Remove Ads and Go Orange
Feedback
Movies
Disney
Marvel Cinematic Universe
Movie Resume
Movie Titles
Oscar
Actor
Actress
Director
Pixar
Role
Movie Quotes
Movie Characters
Box Office
Nominee
Best Picture
Star Wars
James Bond
Horror Movies
Movies
Disney
Marvel Cinematic Universe
Movie Resume
Movie Titles
Oscar
Actor
Actress
Director
Pixar
Role
Movie Quotes
Movie Characters
Box Office
Nominee
Best Picture
Star Wars
James Bond
Horror Movies
Random Quiz
Search Sporcle
×
Quiz Lab
Quiz Lab
Movies
hill
Type in answers that appear in a list
Type in answers that appear in a list
Classic
Best Score? Go Orange.
Walter Hill films Stats
Can you name all Walter Hill's films?
By
LiamVIII
10m
21 Questions
53 Plays
53 Plays
53 Plays
Comments
Comments
Give Quiz Kudos
Give Quiz Kudos
-
- Ratings
hide this ad
More Info
Replay
Link that replays current quiz
Next Quiz
Link to next quiz in quiz playlist
You Got
0%
They Got
Avg Score
74%
Avg Friend Score
Upgrade to see
Score Distribution
Jump to the score distribution portion of the page
Score
0/21
Timer
10:00
0
Plays Today
Year
Film
% Correct
1979
The Warriors
94.3%
1982
48 Hrs.
92.5%
1981
Southern Comfort
84.9%
1988
Red Heat
84.9%
1990
Another 48 Hrs.
84.9%
1975
Hard Times
83%
1984
Streets of Fire
83%
1993
Geronimo: An American Legend
81.1%
1996
Last Man Standing
81.1%
1980
The Long Riders
79.2%
1978
The Driver
77.4%
Year
Film
% Correct
1995
Wild Bill
73.6%
1985
Brewster's Millions
69.8%
1987
Extreme Prejudice
67.9%
2012
Bullet to the Head
67.9%
1986
Crossroads
64.2%
1989
Johnny Handsome
64.2%
1992
Trespass
64.2%
2000
Supernova
56.6%
2002
Undisputed
54.7%
2016
The Assignment
47.2%
Quiz Playlist
Details
Report
Send in Message
Add To Playlist
More Info:
Only films where Hill is credited as director. Does not include TV series.
Classic:
Type in answers that appear in a list
Last Updated: Jul 9, 2018
Quiz Scoreboard
CHALLENGE
Sign Up to Join the Scoreboard
Show All
Scores
Hide
Comments
May contain spoilers
Recently Published
5x2 Blitz: Bands
by SL_Kpop136
Music
30s
Colored Red Africa Blitz
by spor1
Geography
30s
Find the 'City' Movie
by crazypaving
Movies
60s
More to Explore
Quiz From the Vault
Featured Blog Post
14 Easter Pick-up Lines to Find Eggs With
hide this ad
You Might Also Like...
Tags
hill
Walter
Today's Top Quizzes in Movies
Browse Movies
hide this ad
Today's Top Quizzes in hill
Browse hill
Top Contributed Quizzes in Movies
1
Find The 'Big' Movie
2
Find The 'Wild' Movie
3
Find The 'Blue' Movie
4
Movies By Plot
5
Hidden Star Wars Character II
6
Hidden Star Wars Character III
7
Pick 5 Posters: Directed by Spielberg
8
Hidden Star Wars Character IV
9
Alfred Hitchcock Movies by Plot
10
Hidden Star Wars Character V
Explore More
Trending Topics
NBA
Anime
Marvel
Crossword
Kpop
Harry Potter
Disney
Song
Puzzle
Soccer
The Office
WWE
Pokémon
Country
NFL
hide this ad
More By:
LiamVIII
Quiz
Plays
Rating
Category
Featured
Created
Name Time Out's 100 best horror films
549
3.75
Movies
Jul 6, 2018
Walter Hill films
53
5.00
Movies
Jul 9, 2018
Go to Creator's Profile
Score Distribution
Quiz Creator Spotlight
LiamVIII
Follow
Send a Message
Quizzes Created
-
Created Quiz Play Count
-
More By This Creator
Popular Quizzes Today
1
Colored Red Africa Blitz
2
Find the 'City' Movie
3
Find the US States - No Outlines Minefield
4
5x2 Blitz: Bands
5
The Countries of the World
6
Find the US States
7
US States
8
9x9 Crossword: Cartoon Network
More Movies Quizzes
Actors in 1981 Movie Posters
Quiz Lab
Trending Quizzes
Colored Red Europe Blitz I
Colored Red Europe Blitz II
Colored Red Africa Blitz II
Colored Red Europe Blitz III
Colored Red Africa Blitz III
Recently Updated
How Do You Spell That?
pecheneg
Godzilla Movies
pecheneg
Grab Bag: 4-10 Letters
pecheneg
2024 March Madness Bracket
pecheneg
Famous TV Couples
Peacemaker
Champions League XIs: Real Madrid
pecheneg
Largest US Cities 1790-2010
pecheneg
Rides in Walt Disney World
pecheneg
Most Oscar Losses (Acting)
pecheneg
Beyoncé Albums
pecheneg
Trending Topics
Crossword
NBA
Disney
Kpop
Anime
Harry Potter
Marvel
NFL
Pokémon
Puzzle
WWE
Soccer
The Office
Country
Song
Your Account Isn't Verified!
In order to create a playlist on Sporcle, you need to verify the email address you used during registration. Go to your
Sporcle Settings
to finish the process.
Report this User
Report this user for behavior that violates our
Community Guidelines
.
Details:
Send Report
Go to the Sporcle.com Mobile Site →
Comments